Fish of Lake Superior - Statistics

General Stats
  • This quiz has been taken 89 times
    75 since last reset
  • The average score is 12 of 54
Answer Stats
Answer % Correct
Walleye
75%
Northern Pike
71%
Smallmouth Bass
63%
Yellow Perch
62%
Muskellunge
57%
Lake Sturgeon
51%
Steelhead (Stocked)
51%
Common Carp (Stocked)
44%
Lake Trout
44%
American Eel (Non-Native)
37%
Brook Trout
37%
Lake Whitefish
37%
Pygmy Whitefish
37%
Round Whitefish
37%
Brown Trout (Stocked)
33%
Chinook Salmon (Stocked)
30%
Pink Salmon (Stocked)
25%
Sea Lamprey (Non-Native)
25%
Rock Bass
24%
Round Goby (Non-Native)
24%
Tubenose Goby (Non-Native)
24%
Atlantic Salmon (Non-Native)
21%
Burbot
19%
Coho Salmon (Stocked)
17%
Bloater
16%
Creek Chub
16%
Kiyi
16%
Lake Chub
16%
White Perch (Non-Native)
14%
Cisco
13%
Sheepshead (Non-Native)
11%
Shortjaw Cisco
11%
Common Shiner
10%
Emerald Shiner
10%
Mimic Shiner
10%
Sand Shiner
10%
Spottail Shiner
10%
Deepwater Sculpin
8%
Shorthead Redhorse
8%
Silver Redhorse
8%
Slimy Sculpin
8%
Spoonhead Sculpin
8%
White Sucker
8%
Johnny Darter
6%
Fourspine Stickleback (Non-Native)
5%
Longnose Dace
5%
Longnose Sucker
5%
Ninespine Stickleback
5%
Threespine Stickleback (Non-Native)
5%
Alewife (Non-Native)
3%
Eurasian Ruffe (Non-Native)
3%
Rainbow Smelt (Non-Native)
3%
Brook Silverside (Non-Native)
0%
Trout-Perch
0%
No matching quizzes found
Score Distribution
Percent of People with Each Score
Percentile by Number Answered
Your Score History
You have not taken this quiz since the last reset